Czy odgadniesz światową stolicę z rozsypanych liter? - Statystyki

Ogólne statystyki
  • Ten quiz został rozwiązany 41 razy
  • Średni wynik to 12 z 18
Statystyki odpowiedzi
Hint Odpowiedź % Poprawnych
W A A R Z S A W Warszawa
97%
Y T D R M A Madryt
84%
M N L A A I Manila
84%
S T H M O L O K Z Sztokholm
84%
B A T R A Rabat
78%
I B D A M A L A S Islamabad
76%
G D D B A A Bagdad
73%
S E W O J A R A Sarajewo
73%
A L S A K U Lusaka
65%
K U T N D A M A Katmandu
59%
N G J A J N G O P Pjongjang
59%
U A R Z T K B E S Bukareszt
54%
I N O B I R A Nairobi
54%
Z E K D S M A A Damaszek
51%
N T O W G S Y N Z A Waszyngton
46%
K O N S T N G I Kingston
38%
S G O I A N T A Santiago
38%
L N O T I N G L W E Wellington
38%
Nie znaleziono quizów pasujących do podanych kryteriów
Rozkład punktacji
Procent ludzi z każdym wynikiem
Percentyl według liczby udzielonych odpowiedzi
Twoja historia wyników
Nie rozwiązałeś tego quizu